<?xml version="1.0" encoding="UTF-8"?>
<record
    xmlns:xsi="http://www.w3.org/2001/XMLSchema-instance"
    xsi:schemaLocation="http://www.loc.gov/MARC21/slim http://www.loc.gov/standards/marcxml/schema/MARC21slim.xsd"
    xmlns="http://www.loc.gov/MARC21/slim">

  <leader>01646    a2200205   4500</leader>
  <controlfield tag="001">30660</controlfield>
  <controlfield tag="005">20260407155616.0</controlfield>
  <controlfield tag="008">260407a1964    arg                 spa d</controlfield>
  <controlfield tag="003">AR-UNSa-BCEJYS</controlfield>
  <datafield tag="040" ind1=" " ind2=" ">
    <subfield code="a">AR-UNSa-BCEJYS</subfield>
    <subfield code="b">spa</subfield>
    <subfield code="c">AR-UNSa-BCEJYS</subfield>
  </datafield>
  <datafield tag="080" ind1=" " ind2=" ">
    <subfield code="a">657.44</subfield>
    <subfield code="x">Cuentas de p&#xE9;rdidas y ganancias</subfield>
  </datafield>
  <datafield tag="245" ind1="1" ind2="0">
    <subfield code="a">Interpretaci&#xF3;n y estudio cr&#xED;tico de los estados de p&#xE9;rdidas y ganancias</subfield>
  </datafield>
  <datafield tag="264" ind1=" " ind2="1">
    <subfield code="a">Barcelona :</subfield>
    <subfield code="b">Labor</subfield>
    <subfield code="c">1964</subfield>
  </datafield>
  <datafield tag="300" ind1=" " ind2=" ">
    <subfield code="a">352 p.</subfield>
    <subfield code="c">23 cm.</subfield>
  </datafield>
  <datafield tag="505" ind1=" " ind2=" ">
    <subfield code="a">1. Formas de los estados de p&#xE9;rdidas y ganancias - 2. Ventas brutas,ventas l&#xED;quidas y an&#xE1;lisis de ventas - 3. Coste de los art&#xED;culos vendidos - 4. Partidas esenciales de coste en las cuentas de p&#xE9;rdidas y ganancias - 5. Gastos por inactividad e intereses sobre el capital invertido - 6. Beneficio bruto,gastos de venta y de administraci&#xF3;n - 7. Beneficio liquido de explotaci&#xF3;n,otros productos y distribuci&#xF3;n de beneficios - 8. Beneficios con relaci&#xF3;n a dividendos e intereses de deuda consolidada - 9. Distribuci&#xF3;n de beneficios - 10. Dividendos en acciones - 11. Super&#xE1;vit y p&#xE9;rdidas y ganancias - 12. Consolidaci&#xF3;n de estados de p&#xE9;rdidas y ganancias - 13. Compras y ventas entre compa&#xF1;ias agrupadas - 14. An&#xE1;lisis de los estados de p&#xE9;rdidas y ganancias - 15. Relaci&#xF3;n del estado de p&#xE9;rdidas y ganancias con el balance de situaci&#xF3;n - 16. El estado de p&#xE9;rdidas y ganancias como signo de los defectos de direcci&#xF3;n - 17. Manipulaciones en los estados de p&#xE9;rdidas y ganancias para ocultar los verdaderos resultados.  </subfield>
  </datafield>
  <datafield tag="942" ind1=" " ind2=" ">
    <subfield code="c">BK</subfield>
  </datafield>
  <datafield tag="590" ind1=" " ind2=" ">
    <subfield code="a">niveau_biblio:m niveau_hierar:0</subfield>
  </datafield>
  <datafield tag="100" ind1="1" ind2=" ">
    <subfield code="a">Andany Sanz, Angel</subfield>
  </datafield>
  <datafield tag="700" ind1="1" ind2=" ">
    <subfield code="a">Stockwell, Herbert G.</subfield>
  </datafield>
  <datafield tag="999" ind1=" " ind2=" ">
    <subfield code="c">2100</subfield>
    <subfield code="d">2100</subfield>
  </datafield>
  <datafield tag="952" ind1=" " ind2=" ">
    <subfield code="0">0</subfield>
    <subfield code="1">0</subfield>
    <subfield code="4">0</subfield>
    <subfield code="7">0</subfield>
    <subfield code="a">BCEJYS</subfield>
    <subfield code="b">BCEJYS</subfield>
    <subfield code="c">16</subfield>
    <subfield code="d">2026-04-07</subfield>
    <subfield code="l">0</subfield>
    <subfield code="o">657.44 S864</subfield>
    <subfield code="p">L22437</subfield>
    <subfield code="r">2026-04-07 15:56:16</subfield>
    <subfield code="w">2026-04-07</subfield>
    <subfield code="y">L</subfield>
  </datafield>
  <datafield tag="952" ind1=" " ind2=" ">
    <subfield code="0">0</subfield>
    <subfield code="1">0</subfield>
    <subfield code="4">0</subfield>
    <subfield code="7">0</subfield>
    <subfield code="a">BCEJYS</subfield>
    <subfield code="b">BCEJYS</subfield>
    <subfield code="c">16</subfield>
    <subfield code="d">2026-04-07</subfield>
    <subfield code="l">0</subfield>
    <subfield code="o">657.44 S864</subfield>
    <subfield code="p">L22438</subfield>
    <subfield code="r">2026-04-07 15:56:16</subfield>
    <subfield code="w">2026-04-07</subfield>
    <subfield code="y">L</subfield>
  </datafield>
</record>
